La legge del desiderio : il progetto Merlin e l'Italia degli anni Cinquanta /

Guardat en:
Dades bibliogràfiques
Autor principal: Bellassai, Sandro (Autor)
Format: Llibre
Idioma:italià
Publicat: Roma : Carocci, 2006
Col·lecció:Saggi e monografie del Dipartimento di discipline storiche dell'Università di Bologna ; Università degli studi 3
Matèries:
Etiquetes: Afegir etiqueta
Sense etiquetes, Sigues el primer a etiquetar aquest registre!

MARC

LEADER 00000nam a22000007i 4500
001 IT\ICCU\RAV\1432377
003 ItRI
005 20260115231911.0
008 060421s2006 it |||||| ||||| |||||c
020 |a 8843038060 
020 |a 9788843038060 
040 |b ita  |c importazione bologna sebina 
041 7 |a ita  |2 ISO-639-2 
082 |a 363.4  |9 CONTROVERSIE RELATIVE ALLA MORALITA' PUBBLICA E AL BUONCOSTUME  |2 22 
100 1 |a Bellassai, Sandro  |0 IT\ICCU\RAVV\222297  |4 aut 
240 1 3 |a La legge del desiderio  |3 IT\ICCU\VIA\0576585  |9 Bellassai, Sandro 
245 1 3 |a La legge del desiderio :  |b il progetto Merlin e l'Italia degli anni Cinquanta /  |c Sandro Bellassai. 
260 |a Roma :  |b Carocci,  |c 2006 
300 |a 189 p. ;  |c 22 cm. 
650 7 |a Prostituzione  |x Italia  |x Legislazione  |2 scbi 
790 1 |a Bellassai, Alessandro  |3 IT\ICCU\SBNV\032127  |z Bellassai, Sandro 
830 0 |a Saggi e monografie del Dipartimento di discipline storiche dell'Università di Bologna ;  |v 3  |a Università degli studi  |0 IT\ICCU\UBO\2932998 
942 |2 ddc  |c BK  |n 0 
952 |0 0  |1 0  |4 0  |6 DOC_344_450000000000000_BEL  |7 0  |9 15872  |a BO  |b BO  |d 2026-01-15  |i 12625  |l 0  |o DOC 344.450 BEL  |p BO12625  |r 2026-01-15 23:19:11  |w 2026-01-15  |x [Sebina 5] [1 v.]  |y BK  |z 1 v. 
999 |c 13646  |d 13646